Programación FORTRAN

Gorde:
Xehetasun bibliografikoak
Egile nagusia: Forsythe, Alexandra I (Egilea)
Formatua: Liburua
Hizkuntza:gaztelania
Argitaratua: Ciudad de México Limusa 1973
Saila:Técnicas de Computación
Gaiak:
Etiketak: Etiketa erantsi
Etiketarik gabe, Izan zaitez lehena erregistro honi etiketa jartzen!

MARC

LEADER 00000nam a2200000 a 4500
001 UCY3557
003 CL-VaPUC
008 950104e19730000MX |||||||||||||||||spa|d
082 0 4 |a 005.13  |b FOR  |2 21 
100 0 |a Forsythe, Alexandra I  |e author  |9 331881 
245 1 0 |a Programación FORTRAN 
300 |a 194 p 
942 |c BK 
945 |d 19950104 00:00:00  |a mfernand 
260 |a Ciudad de México  |b Limusa  |c 1973 
650 7 |a FORTRAN  |2 CL-VaPUC  |9 260109 
650 0 |a Lenguajes de programación   |9 259458 
583 |a last modification  |c 20150106 02:36:00  |k Rodrigo Vera 
490 0 |a Técnicas de Computación 
999 |c 231661  |d 231659